000 00535 a2200193 4500
005 20240502162808.0
010 _aB-758847
020 _a8175410825
_c450.00
035 _aB-758847
037 _bGift/Unesco
082 _a379.54
100 _aAggarwal, J.C.
_965519
245 _aModern Indian Education /
_bJ.C. Aggarwal
260 _aDelhi
_bShipra
_c2001
270 _aDelhi
300 _a184 p.;
_c22cm. (pb)
942 _adpl
_cEN
_2ddc
_h379.54
_mAGG
999 _c202584
_d202584